| 000 | 01162nam a22003257a 4500 | ||
|---|---|---|---|
| 999 |
_c392508 _d392508 |
||
| 003 | BLK | ||
| 005 | 20250729103633.0 | ||
| 008 | 201218b bu ||||| |||| 00| 0 bu d | ||
| 020 | _a9786192500061 | ||
| 040 | _aBLK | ||
| 041 |
_aBUL _cBUL |
||
| 080 |
_aБългарска литература _b821.163.2 _z-9 _x821.163.2-9 |
||
| 100 |
_aИдакиев, Симеон Кирилов _eпърви автор _91299 |
||
| 139 |
_aИдакиев, Симеон Кирилов _bИ 31 |
||
| 245 |
_aОт Олимп до Тибет _bВдъхновението "Атлас" _cСимеон Идакиев |
||
| 257 | _aBGR | ||
| 260 |
_aСофия _bВакон _c2020 _9214255 _n978-619-7300- ; 978-954-9535- ; 978-954-91843- |
||
| 300 |
_a320 с. _bс цв. ил _c21 см |
||
| 380 | _a91 | ||
| 501 | _aВкл. 27 пътеписа | ||
| 650 | 7 |
_9168580 _aПътеписи |
|
| 651 | 7 |
_9178797 _aГърция |
|
| 651 | 7 |
_9178558 _aАфрика |
|
| 651 | 7 |
_9179656 _aТибет |
|
| 651 | 7 |
_9178514 _aАзия |
|
| 852 |
_bП _c821.163.2-9/И 31 С |
||
| 942 |
_cKNG _n0 _s1 _038 |
||
| 944 |
_aCR _c2020-12-18 _k30576 _lЦветомила Тодорова |
||
| 999 | _d392508 | ||